LEADER 02666nam 2200529 450 001 9910790289803321 005 20210208153926.0 010 $a1-283-95378-1 010 $a1-78042-514-7 035 $a(CKB)2670000000181017 035 $a(EBL)915193 035 $a(OCoLC)793511470 035 $a(MiAaPQ)EBC915193 035 $a(EXLCZ)992670000000181017 100 $a20160205h20122012 uy 0 101 0 $ager 135 $aur|n|---||||| 181 $2rdacontent 182 $2rdamedia 183 $2rdacarrier 200 14$aDie kunst des Islams /$fGaston Migeon & Henri Saladin 210 1$aNew York :$cParkstone International,$d[2012] 210 4$d©[2012] 215 $a1 online resource (256 p.) 225 1 $aTemporis 300 $aDescription based upon print version of record. 311 $a1-84484-660-1 320 $aIncludes bibliographical references and index. 327 $aInhalt; Einleitung; Die Architektur; A - Der Nahe und der Mittlere Osten; B - Nordafrika und Spanien; C - Der Iran und die persische Schule; D - Die osmanische Schule; E - Das muslimische Indien; Die plastischen Ku?nste; A - Bildhauerei; B - Metallbearbeitung; C - Goldschmiedekunst und Bergkristalle; D - Mosaik; Fertigwaren; A - Keramik; B - Emailliertes Glas; C - Stoffe; D - Teppiche; Die Buchkunst; A - Arabische Manuskripte; B - A?gyptische Korane; C - Persische Manuskripte; D - Indisch-Persische Miniaturmalerei; E - Tu?rkische Manuskripte; Schlussbemerkung; Bibliographie; Index 330 $aDie islamische Kunst ist weder die Kunst einer Nation noch eines Volkes, sondern die Kunst des Islam. Die von der arabischen Halbinsel kommenden Gla?ubigen eroberten innerhalb weniger Jahrhunderte ein Gebiet, das sich vom Atlantik bis zum Indischen Ozean erstreckte.Diese vielgestaltige, sehr spirituelle, multi-kulturelle und multi-ethnische Kunst, bei der jegliche Darstellung von Gott und Mensch verboten war, brachte heilige Schriften und zahlreiche Motive von großem dekorativem Wert hervor. Auf meisterhafte und erfinderische Art dru?ckten diese Ku?nstler ihren Glauben durch das Schaffen monument 410 0$aTemporis 606 $aCalligraphy, Turkish 606 $aCalligraphy 606 $aIslamic calligraphy$zTurkey 615 0$aCalligraphy, Turkish. 615 0$aCalligraphy. 615 0$aIslamic calligraphy 676 $a745.6199/435 700 $aMigeon$b Gaston$f1861-1930,$0130780 702 $aSaladin$b Henri$f1851-1923, 801 0$bMiAaPQ 801 1$bMiAaPQ 801 2$bMiAaPQ 906 $aBOOK 912 $a9910790289803321 996 $aDie kunst des Islams$93749900 997 $aUNINA